TO ESTIMATE THE LEVELS OF VITAMIN D, GLYCATED HAEMOGLOBIN (HbA1c), MAGNESIUM, AND LIPID PROFILE IN TYPE II DIABETES PATIENTS WITH SENSORY NEURAL HEARING LOSS (Record no. 32490)

MARC details
000 -LEADER
fixed length control field 00425nam a22001337a 4500
003 - CONTROL NUMBER IDENTIFIER
control field SGT
082 ## - DEWEY DECIMAL CLASSIFICATION NUMBER
Classification number 612.015
Item number T24D
100 ## - MAIN ENTRY--PERSONAL NAME
Personal name DUTTA, SAVI
245 ## - TITLE STATEMENT
Title TO ESTIMATE THE LEVELS OF VITAMIN D, GLYCATED HAEMOGLOBIN (HbA1c), MAGNESIUM, AND LIPID PROFILE IN TYPE II DIABETES PATIENTS WITH SENSORY NEURAL HEARING LOSS
260 ## - PUBLICATION, DISTRIBUTION, ETC. (IMPRINT)
Place of publication, distribution, etc GURUGRAM
Name of publisher, distributor, etc SGT UNIVERSITY
Year of Publication 2024
650 ## - SUBJECT ADDED ENTRY--TOPICAL TERM
Topical term or geographic name as entry element BIOCHEMISTRY
653 ## - KEYWORDS--INDEX TERM
Keyword term PHD
942 ## - ADDED ENTRY ELEMENTS (KOHA)
Source of classification or shelving scheme Dewey Decimal Classification
Koha item type Thesis/Dissertation
Holdings
Withdrawn status Lost status Source of classification or shelving scheme Damaged status Not for loan Home library Current library Shelving location Date acquired Total Checkouts Full call number Accession No. (Barcode) Date last seen Bill Date Koha item type
    Dewey Decimal Classification   Not For Loan SGT Medical Library SGT Medical Library Reference Book 26/08/2025   612.015 T24D DT2371 26/08/2025 26/08/2025 Thesis/Dissertation